| 000 | 00663nam a2200217 a 4500 | ||
|---|---|---|---|
| 003 | PILC | ||
| 005 | 20160222132902.0 | ||
| 008 | 110822s19uu xx 00 eng d | ||
| 020 | _a9780495509837 | ||
| 050 |
_aBF 76.5 _b.G73 2009 |
||
| 100 | _aGravetter, Frederick J. | ||
| 245 |
_aResearch methods for the behavioral sciences / _cFrederick Gravetter; Lori-Ann Forzano. |
||
| 250 | _a3rd edition. | ||
| 260 |
_aAustralia : _bWadsworth, _c2009. |
||
| 300 |
_a614 pages : _c24 cm. _billustrations ; |
||
| 650 |
_aPsychology _xResearch _xMethodology. |
||
| 650 | _aSocial sciences. | ||
| 700 | _aForzano, Lori-Ann. | ||
| 942 |
_cBK _2lcc _kFOR |
||
| 999 |
_c24612 _d24612 |
||